| 000 | 00944nam a2200277 i 4500 | ||
|---|---|---|---|
| 003 | DO-SdBNP | ||
| 005 | 20250717135627.0 | ||
| 007 | ta | ||
| 008 | 250423b2009 dr ||||| |||| 00| 0 spa d | ||
| 040 |
_aDO-SdBNP _bspa _cBNPHU _erda |
||
| 041 | _aspa | ||
| 082 | 4 |
_axxx _bR595c 2009 _222 |
|
| 100 | 1 |
_aRisco Bermúdez, René del, _d1937-1972 _eautor _4aut. _912315 |
|
| 245 | 1 | 3 |
_aEl cumpleaños de Porfirio Chávez / _cRené del Risco Bermúdez ; edición, Miguel D. Mena. |
| 250 | _aTercera edición | ||
| 264 | 4 |
_aSanto Domingo : _bEdiciones Cielonaranja, _c©2009 |
|
| 300 |
_a133 páginas ; _c21 cm. |
||
| 336 |
_atexto _btxt _2rdacontent |
||
| 337 |
_asin mediación _bn _2rdamedia |
||
| 338 |
_avolumen _bnc _2rdacarrier |
||
| 500 | _aIncluye referencias bibliográficas y notas al pie de las páginas | ||
| 590 | _aInventariado, 2025 /LP | ||
| 700 |
_aMena, Miguel D., _d1961- _eeditor _4ed. _972804 |
||
| 910 | _aLP | ||
| 942 |
_2ddc _cLBS1 |
||
| 999 |
_c58758 _d58758 |
||